Robert De Niro Movies Quiz - Statistics

General Stats
  • This quiz has been taken 13,103 times
    6,854 since last reset
  • The average score is 9 of 17
Answer Stats
Year Description Movie % Correct
1976 Cab driver takes vigilante action against a New York City pimp. Taxi Driver
89%
1974 Sicilian man escapes to America where he becomes a respected mob boss. The Godfather: Part II
87%
1990 "I always wanted to be a gangster" says a boy who grew up to be just that. Goodfellas
77%
1980 The true story of boxer Jake LaMotta. Raging Bull
75%
1995 Number-crunching mobster and his violent friend Nicky run a gambling establishment in Vegas. Casino
70%
2019 Wannabe comedian goes insane and starts killing people. Joker
69%
2000 Dishonest male nurse must win the approval of his girlfriend's father, a former CIA operative. Meet the Parents
66%
1978 American soldiers from a steel town in Pennsylvania are captured in Vietnam and forced to play Russian roulette. The Deer Hunter
60%
2015 Hilarity ensues as a retired executive gets a new job as an intern. The Intern
57%
1991 On the Carolina coast, a psychotic rapist stalks the family of his former lawyer. Cape Fear
56%
1987 Only Elliot Ness has the guts to take on gangster Al Capone. The Untouchables
55%
1999 Mobster seeks therapy after having panic attacks. Analyze This
43%
2012 Two people with mental illness fall in love while practicing for a dance competition. The father of one is a die-hard Eagles fan. Silver Linings Playbook
39%
1993 Boy growing up in a New York borough has an honest bus driver father and a kind-hearted mob boss mentor. A Bronx Tale
34%
1991 Chicago brothers are firefighters who must track down an arsonist. Backdraft
27%
1998 Freelancing intelligence agent tries to recover a suitcase wanted by the Russians and the Irish Republican Army. Ronin
21%
1988 Bounty hunter has five days to capture an accountant wanted by both the FBI and the mob. Midnight Run
19%
No matching quizzes found
Score Distribution
Percent of People with Each Score
Percentile by Number Answered
Your Score History
You have not taken this quiz since the last reset